Sagrada Biblia. Versión directa de las lenguas originales.
Збережено в:
| Автор: | |
|---|---|
| Інші автори: | , |
| Формат: | Книга |
| Мова: | Англійська |
| Опубліковано: |
Madrid, España:
Católica,
1959.
|
| Редагування: | Novena edición. |
| Серія: | Biblioteca de autores cristianos,
|
| Предмети: | |
| Теги: |
Додати тег
Немає тегів, Будьте першим, хто поставить тег для цього запису!
|
MARC
| LEADER | 00000nam a22000007a 4500 | ||
|---|---|---|---|
| 003 | CL-VaPUC | ||
| 005 | 20220822114834.0 | ||
| 008 | 220808t1959 ||||| |||| 00| 0 eng d | ||
| 999 | |c 438102 |d 438100 | ||
| 040 | |c Pontificia Universidad Católica de Valparaíso | ||
| 082 | 0 | 4 | |a 220 NAC 1959 |2 21 |
| 100 | |a Nácar Fúster, Eloíno |e autor |9 302902 | ||
| 245 | 1 | 0 | |a Sagrada Biblia. |b Versión directa de las lenguas originales. |
| 250 | |a Novena edición. | ||
| 260 | |a Madrid, España: |b Católica, |c 1959. | ||
| 300 | |a 1408 páginas. | ||
| 490 | |a Biblioteca de autores cristianos, |n 1. | ||
| 500 | |a c.1 Donación Familia Prof. Alejandro Guzmán Brito. | ||
| 583 | |a last modification |c 19990430 00:00:00 |k Yessy Sthefany Diaz Vidal | ||
| 650 | 0 | |a Biblia |9 257603 | |
| 650 | 0 | |a Textos sagrados |9 257605 | |
| 700 | |a Colunga Cueto, Alberto |e autor |9 372334 | ||
| 700 | |a Cicognani, Gaetano |e prólogo |9 875090 | ||
| 942 | |c BK |2 ddc |n 0 | ||
| 952 | |0 0 |1 0 |2 ddc |4 0 |6 220_000000000000000_NAC_1959 |7 1 |8 C_AGB |9 585983 |a BIBDER |b BIBDER |d 2022-08-08 |e Donación |i 5653914 |o 220 NAC 1959 |p 5653914 |r 2023-01-25 |t 1 |w 2022-08-08 |y BK_US |k AGB | ||